| 000 | 01340cam a2200349 a 4500 | ||
|---|---|---|---|
| 001 | 11946764 | ||
| 003 | OSt | ||
| 005 | 20180117090009.0 | ||
| 008 | 000320s1999 enka b 001 0 eng d | ||
| 010 | _a 00551424 | ||
| 015 | _aGB99-05516 | ||
| 020 | _a1857283333 | ||
| 020 | _a1857283341 (pbk.) | ||
| 035 | _a(OCoLC)ocm40609813 | ||
| 040 |
_aUKM _cUKM _dCUS _dDLC |
||
| 042 | _alccopycat | ||
| 043 | _ae-uk--- | ||
| 050 | 0 | 0 |
_aHD7287.82.G7 _bH363 1999 |
| 082 | 0 | 0 |
_a333.33/8/0941 _221 |
| 100 | 1 | _aHamnett, Chris. | |
| 245 | 1 | 0 |
_aWinners and losers : _bhome ownership in modern Britain / _cChris Hamnett. |
| 260 |
_aLondon, UK ; _aPhiladelphia, PA, USA : _bUCL Press, _c1999. |
||
| 300 |
_axiv, 224 p. : _bill. ; _c24 cm. |
||
| 504 | _aIncludes bibliographical references (p. 199-215) and index. | ||
| 650 | 0 |
_aHome ownership _zGreat Britain. |
|
| 650 | 0 |
_aHousing _zGreat Britain. |
|
| 856 | 4 | 2 |
_3Publisher description _uhttp://www.loc.gov/catdir/enhancements/fy0653/00551424-d.html |
| 906 |
_a7 _bcbc _ccopycat _d2 _encip _f20 _gy-gencatlg |
||
| 942 |
_2ddc _cBK |
||
| 999 |
_c3574 _d3574 |
||